000 00602nam a2200217 a 4500
005 20240614063701.0
008 991125s1975 ea 000 0 eng u
020 _a333182057
035 _aUPN01000018583
049 _aF
050 4 _aPE1117 L3
_bK5.4
100 1 _aKnowles, Tizzie
245 1 0 _aEe /
_cartist Tizzie Knowles.
260 _aLondon :
_bMacMillan,
_c1975.
300 _a[12] p. :
_bprincipalmente il.
440 0 _aLanguage in action
520 _a"The language project"
520 _aDatos tomados de la cubierta
650 4 _aInglés
_xEstudio y enseñanza
_918
905 _aLibro
999 _c18583
_d18583